Salaam-e-Ishq (Record no. 34424)

MARC details
000 -LEADER
fixed length control field 02102nam a22004217a 4500
003 - CONTROL NUMBER IDENTIFIER
control field dpl
005 - DATE AND TIME OF LATEST TRANSACTION
control field 2010030504474.0
007 - PHYSICAL DESCRIPTION FIXED FIELD--GENERAL INFORMATION
fixed length control field DVD
008 - FIXED-LENGTH DATA ELEMENTS--GENERAL INFORMATION
fixed length control field 080917t xxu||||| |||| 00| 0 eng d
010 ## - LIBRARY OF CONGRESS CONTROL NUMBER
LC control number DVD-006002-6006
024 ## - OTHER STANDARD IDENTIFIER
Source of number or code TSDVD-1843
Terms of availability 45.00
035 ## - SYSTEM CONTROL NUMBER
System control number DVD-006002-6006
040 ## - CATALOGING SOURCE
Original cataloging agency DPL
Transcribing agency DPL
082 ## - DEWEY DECIMAL CLASSIFICATION NUMBER
Classification number DVD SALA
245 ## - TITLE STATEMENT
Title Salaam-e-Ishq
Statement of responsibility, etc Gautam Kumar Presents
Medium [Videorecording] DVD /
260 ## - PUBLICATION, DISTRIBUTION, ETC. (IMPRINT)
Place of publication, distribution, etc New Delhi
Name of publisher, distributor, etc Super Cassettes Industries Ltd.
300 ## - PHYSICAL DESCRIPTION
Extent 1 Videodisc DVD;
Other physical details sd., col.;
Dimensions 4 3/4 in.
Type of unit DVD
440 ## - SERIES STATEMENT/ADDED ENTRY--TITLE
Title Super Cassette Industries
538 ## - SYSTEM DETAILS NOTE
System details note Dolby Digital 2.1; Subtitles, English, Tamil, Telgu; Regions, Universal
650 ## - SUBJECT ADDED ENTRY--TOPICAL TERM
Topical term or geographic name as entry element Motion Picture
700 ## - ADDED ENTRY--PERSONAL NAME
Personal name Advani, Nikhil
700 ## - ADDED ENTRY--PERSONAL NAME
Personal name Talreja, Mukesh
700 ## - ADDED ENTRY--PERSONAL NAME
Personal name Manchanda, Sunil
700 ## - ADDED ENTRY--PERSONAL NAME
Personal name Shankar
700 ## - ADDED ENTRY--PERSONAL NAME
Personal name Ehsaan
700 ## - ADDED ENTRY--PERSONAL NAME
Personal name Loy
700 ## - ADDED ENTRY--PERSONAL NAME
Personal name Kapoor, Anil
700 ## - ADDED ENTRY--PERSONAL NAME
Personal name Chawla, Juhi
700 ## - ADDED ENTRY--PERSONAL NAME
Personal name Chopra, Priyanka
700 ## - ADDED ENTRY--PERSONAL NAME
Personal name Abraham, John
942 ## - ADDED ENTRY ELEMENTS (KOHA)
Source of classification or shelving scheme Dewey Decimal Classification
Koha item type CD-ROMs, DVDs, VHS
Classification part DVD
Call number suffix SALA
Holdings
Withdrawn status Lost status Source of classification or shelving scheme Damaged status Not for loan Home library Current library Date acquired Source of acquisition Cost, normal purchase price Total Checkouts Full call number Barcode Date last seen Date checked out Copy number Cost, replacement price Price effective from Koha item type
    Dewey Decimal Classification     Central Library Central Library 05/03/2010 Pioneers/1003/28-11-09/325/13-10-09 /30-11-09 45.00 4 DVD SALA DVD-006002 01/09/2012 02/08/2012 1 45.00 05/03/2010 CD-ROMs, DVDs, VHS
    Dewey Decimal Classification     Karol Bagh Karol Bagh 05/03/2010 Pioneers/1003/28-11-09/325/13-10-09 /30-11-09 45.00 5 DVD SALA DVD-006004 21/12/2011 05/12/2011 1 45.00 05/03/2010 CD-ROMs, DVDs, VHS
    Dewey Decimal Classification     Narela Narela 05/03/2010 Pioneers/1003/28-11-09/325/13-10-09 /30-11-09 45.00   DVD SALA DVD-006005 05/03/2010   1 45.00 05/03/2010 CD-ROMs, DVDs, VHS
    Dewey Decimal Classification     Patel Nagar Patel Nagar 05/03/2010 Pioneers/1003/28-11-09/325/13-10-09 /30-11-09 45.00 7 DVD SALA DVD-006003 01/08/2011 25/07/2011 1 45.00 05/03/2010 CD-ROMs, DVDs, VHS
    Dewey Decimal Classification     Shahdara Branch Shahdara Branch 05/03/2010 Pioneers/1003/28-11-09/325/13-10-09 /30-11-09 45.00   DVD SALA DVD-006006 05/03/2010   1 45.00 05/03/2010 CD-ROMs, DVDs, VHS

© Delhi Public Library
Hit Counter
free hit counter